Creative Transformation : A Practical Guide for Maximizing Creativity /

Збережено в:
Бібліографічні деталі
Автор: Garcia, John David (autor)
Формат: Книга
Мова:Англійська
Опубліковано: Eugene, EUA : Ardmore, EUA : Noetic ; Whitemore, 1991, c1991
Предмети:
Теги: Додати тег
Немає тегів, Будьте першим, хто поставить тег для цього запису!

MARC

LEADER 00000nam^a2200000^a^4500
001 000350611
005 20250521000000.0
009 20260310114946.12
020 |a 1-878260-01-4 
037 |a Acervo Xavier Clavigero 
041 |a ING 
082 |a 153. 35  |b GAR 
100 |a Garcia, John David  |e (autor) 
245 1 0 |a Creative Transformation :  |b A Practical Guide for Maximizing Creativity /  |c J.D. Garcia. 
264 4 |a Eugene, EUA :  |b Noetic ;  |a Ardmore, EUA :  |b Whitemore,  |c 1991, c1991 
300 |a XIV, 462 p. 
336 |a texto  |b txt  |2 rdacontenido 
337 |a sin mediación  |b n  |2 rdamedio 
338 |a volumen  |b nc  |2 rdasoporte 
649 |a XX 
650 |a Creatividad -  |x Tema Principal 
650 |a Cerebro 
650 |a Evolución Social 
650 |a Evolución 
650 |a Educación 
650 |a Economía -  |x Aspectos Eticos 
650 |a Etica 
650 |a Antropología Filosófica 
650 |a Biología 
650 |a Psicología 
910 |a Fondo General 
920 |a Impresos - Libros 
930 |a Colección General 
905 |a 101 
901 |a 0500241179  |b IT1  |c ACC  |i FXC D1581  |u 20250521 
902 |a https://opac.biblio.iteso.mx/vufind/Record/000350611